000 00347nam a2200145Ia 4500
008 151213s9999 xx 000 0 und d
100 _aJohn keats
245 _aThe poems of John Keats
_cJohn keats
260 _aNew Delhi
_bRupa
_c2003
300 _a2119 p.
650 _aEnglish
650 _aEnglish
700 _aJohn keats
999 _c1562
_d1562